Verní priatelia (Record no. 21402)
[ view plain ]
| 000 -LEADER | |
|---|---|
| fixed length control field | 01807cam a2200577 a 4500 |
| 001 - CONTROL NUMBER | |
| control field | 21402 |
| 003 - CONTROL NUMBER IDENTIFIER | |
| control field | VRT |
| 005 - DATE AND TIME OF LATEST TRANSACTION | |
| control field | 20260228143121.0 |
| 008 - FIXED-LENGTH DATA ELEMENTS--GENERAL INFORMATION | |
| fixed length control field | 240314s2009 xo c 000 j slo |
| 015 ## - NATIONAL BIBLIOGRAPHY NUMBER | |
| National bibliography number | SNBA2010/02-00631 |
| 020 ## - INTERNATIONAL STANDARD BOOK NUMBER | |
| International Standard Book Number | 9788080711115 |
| Qualifying information | (viaz.) |
| 039 #9 - LEVEL OF BIBLIOGRAPHIC CONTROL AND CODING DETAIL [OBSOLETE] | |
| Level of rules in bibliographic description | 202403141026 |
| Level of effort used to assign nonsubject heading access points | VLOAD |
| Level of effort used to assign subject headings | 201003161216 |
| Level of effort used to assign classification | msnk36 |
| Level of effort used to assign subject headings | 201001150653 |
| Level of effort used to assign classification | msnk21 |
| Level of effort used to assign subject headings | 201001111101 |
| Level of effort used to assign classification | msnk21 |
| 040 ## - CATALOGING SOURCE | |
| Original cataloging agency | BJKDG |
| Language of cataloging | slo |
| Transcribing agency | BJKDG |
| Modifying agency | SNK |
| Description conventions | AACR2 |
| 041 1# - LANGUAGE CODE | |
| Language code of text/sound track or separate title | slo |
| Language code of original | eng |
| 044 ## - COUNTRY OF PUBLISHING/PRODUCING ENTITY CODE | |
| MARC country code | xo |
| ISO country code | SK |
| 072 #7 - SUBJECT CATEGORY CODE | |
| Subject category code | 2-23/-27 |
| Subject category code subdivision | Biblia. Biblistika |
| Source | konspekt |
| 072 #7 - SUBJECT CATEGORY CODE | |
| Subject category code | 821-93 |
| Subject category code subdivision | Literatúra pre deti a mládež |
| Source | konspekt |
| 080 ## - UNIVERSAL DECIMAL CLASSIFICATION NUMBER | |
| Universal Decimal Classification number | 27-23 |
| Edition identifier | 2001 |
| 080 ## - UNIVERSAL DECIMAL CLASSIFICATION NUMBER | |
| Universal Decimal Classification number | 2-276.7 |
| Edition identifier | 2 001 |
| 080 ## - UNIVERSAL DECIMAL CLASSIFICATION NUMBER | |
| Universal Decimal Classification number | 821-93 |
| Edition identifier | 2001 |
| 080 ## - UNIVERSAL DECIMAL CLASSIFICATION NUMBER | |
| Universal Decimal Classification number | 27-236.5 |
| Edition identifier | 2001 |
| 080 ## - UNIVERSAL DECIMAL CLASSIFICATION NUMBER | |
| Universal Decimal Classification number | (0:82-32) |
| Edition identifier | 2001 |
| 100 1# - MAIN ENTRY--PERSONAL NAME | |
| Personal name | Degering, Etta B. |
| Relationship | aut |
| 240 10 - UNIFORM TITLE | |
| Uniform title | My Bible friends |
| Language of a work | Slovensky |
| 245 10 - TITLE STATEMENT | |
| Title | Verní priatelia |
| Statement of responsibility, etc. | Etta B. Degering ; ilustrácie William Dolwick, Robert L. Berran, Fred Collins |
| 260 ## - PUBLICATION, DISTRIBUTION, ETC. | |
| Place of publication, distribution, etc. | Martin |
| Name of publisher, distributor, etc. | Advent Orion |
| Date of publication, distribution, etc. | 2009 |
| 300 ## - PHYSICAL DESCRIPTION | |
| Extent | 255 s. |
| Other physical details | fareb. illustr. |
| Dimensions | 19 cm |
| 490 1# - SERIES STATEMENT | |
| Series statement | Príbehy pre deti |
| 630 #7 - SUBJECT ADDED ENTRY--UNIFORM TITLE | |
| Uniform title | Biblia |
| Source of heading or term | SNKPH |
| 650 07 - SUBJECT ADDED ENTRY--TOPICAL TERM | |
| Topical term or geographic name entry element | biblické dejiny |
| Source of heading or term | SNKPH |
| 655 #7 - INDEX TERM--GENRE/FORM | |
| Genre/form data or focus term | literatúra pre deti |
| Source of term | SNKPH |
| 655 #7 - INDEX TERM--GENRE/FORM | |
| Genre/form data or focus term | príbehy |
| Source of term | SNKPH |
| 700 1# - ADDED ENTRY--PERSONAL NAME | |
| Personal name | Dolwick, William |
| Relationship | ill |
| 700 1# - ADDED ENTRY--PERSONAL NAME | |
| Personal name | Berran, Robert L. |
| Relationship | ill |
| 700 1# - ADDED ENTRY--PERSONAL NAME | |
| Personal name | Collins, Fred |
| Relationship | ill |
| 830 #0 - SERIES ADDED ENTRY--UNIFORM TITLE | |
| Uniform title | Príbehy pre deti |
| 910 ## - USER-OPTION DATA (OCLC) | |
| User-option data | bjkdg |
| 910 ## - USER-OPTION DATA (OCLC) | |
| User-option data | sllk |
| 910 ## - USER-OPTION DATA (OCLC) | |
| User-option data | vthk |
| 910 ## - USER-OPTION DATA (OCLC) | |
| User-option data | snk |
| 942 ## - ADDED ENTRY ELEMENTS (KOHA) | |
| Source of classification or shelving scheme | Dewey Decimal Classification |
| Koha item type | Krásna literatúra pre deti |
| Suppress in OPAC | No |
| 949 ## - LOCAL PROCESSING INFORMATION (OCLC) | |
| 6 | 273K0513019 |
| a | svkpoA 206379 |
| b | svkpo520973 |
| 949 ## - LOCAL PROCESSING INFORMATION (OCLC) | |
| 6 | 270001000349221 |
| a | svkbbA 125946 |
| b | svkbbm 703331 |
| 949 ## - LOCAL PROCESSING INFORMATION (OCLC) | |
| 6 | 17A0640148 |
| a | snkSD 78757 |
| b | snk2009/22140 |
| o | 2469/09 |
| 949 ## - LOCAL PROCESSING INFORMATION (OCLC) | |
| 6 | 17A0640149 |
| a | snkSD 78757 D1 |
| b | snk2009/22141 |
| o | 2469/09 |
| 980 ## - EQUIVALENCE OR CROSS-REFERENCE-SERIES STATEMENT--PERSONAL NAME/TITLE [LOCAL, CANADA] | |
| Personal name | 27-23 |
| 980 ## - EQUIVALENCE OR CROSS-REFERENCE-SERIES STATEMENT--PERSONAL NAME/TITLE [LOCAL, CANADA] | |
| Personal name | 2-276.7 |
| 980 ## - EQUIVALENCE OR CROSS-REFERENCE-SERIES STATEMENT--PERSONAL NAME/TITLE [LOCAL, CANADA] | |
| Personal name | 27-236.5 |
| 980 ## - EQUIVALENCE OR CROSS-REFERENCE-SERIES STATEMENT--PERSONAL NAME/TITLE [LOCAL, CANADA] | |
| Personal name | 821.111-32 |
| 980 ## - EQUIVALENCE OR CROSS-REFERENCE-SERIES STATEMENT--PERSONAL NAME/TITLE [LOCAL, CANADA] | |
| Personal name | 821-93 |
| Stav vyradenia | Strata | Poškodenie | Spôsob nadobudnutia | Domovská knižnica | Aktuálna knižnica | Dátum nadobudnutia | Cena | Total checkouts | Čiarový kód exemplára | Date last seen | Typ exemplára |
|---|---|---|---|---|---|---|---|---|---|---|---|
| Kúpa | Obecná knižnica Horná Štubňa | Obecná knižnica Horná Štubňa | 28.02.2026 | 5.00 | 9788080711115 | 28.02.2026 | Krásna literatúra pre deti |
